Forgien investment in the United States

Saved in:
Bibliographic Details
Format: Book
Language:Undetermined
Published: Washington U. S. Goverment Printing Office 1974
Subjects:
Tags: Add Tag
No Tags, Be the first to tag this record!
Institutions: Trung tâm Học liệu Trường Đại học Cần Thơ
LEADER 00436nam a2200157Ia 4500
001 CTU_84899
008 210402s9999 xx 000 0 und d
082 |a 332.6 
082 |b F714 
245 0 |a Forgien investment in the United States 
260 |a Washington 
260 |b U. S. Goverment Printing Office 
260 |c 1974 
650 |a investment 
650 |z united states 
980 |a Trung tâm Học liệu Trường Đại học Cần Thơ